000 01018cam a22003257a 4500
003 CHAP
005 20250322162305.0
008 971013s1990 r 00010 d
010 _a609
011 _a1581
020 _a9682436346
035 _a757
040 _cCHAP
082 _a636.9
_bB4 1990
100 1 0 _aBerlijn, Johan D.
_911826
245 0 _aConejos
250 _a2 ed.
260 _aMéxico :
_bTrillas,
_c1990
300 _a112 p.
_b: ilus.
490 0 _aManuales para educación agropecuaria. Producción animal
_v; 2
590 _aBATCH-UPD
_b10
_c20130110
_lUCH01
_h1540
590 _aBATCH-UPD
_b10
_c20130410
_lUCH01
_h0943
590 _aBATCH-UPD
_b10
_c20130914
_lUCH01
_h0607
590 _aCONVERSION
_b10
_c20130109
_lUCH01
_h1302
650 1 4 _aConejos.
_926352
830 0 _aManuales para educación agropecuaria. Área producción animal (Trillas)
_v; 2
_970694
901 _aBK
942 _cLIBRO
949 _a636.9 B4 1990
_bBC
_cLIBRO
_d33724000696423
_eLIBRO
_gI. c/e
_h77407 rep.
_i757
_si
_t$32.00
999 _c609
_d609